000 00278nam a22001337a 4500
008 180119b xxu||||| |||| 00| 0 eng d
020 _a9780078656095
041 _aeng
080 _a51
100 _a36
101 _aMAT
245 _aALGEBRA 2
_cHolliday,B
942 _2udc
_cBK
999 _c40572
_d40572